Statistics for A Quiz About Dragons

Click here to take the quiz!

General Stats

  • This quiz has been taken 46 times
  • The average score is 12 of 18

Answer Stats

HintAnswer% Correct
What Disney character has a tiny dragon named Mushu as a sidekick?Mulan
88%
What notable feature of European dragons is typically absent in Asian dragons?Wings
88%
What greedy and proud dragon lives under the Lonely Mountain in "The Hobbit"?Smaug
84%
What Greek hero slew a dragon guarding a golden apple as part of his 11th labor?Hercules
81%
What children's book by Cressida Cowell was adapted into a movie and TV show?{How} {to} {Train} Your Dragon
77%
What other "country" depicts a red dragon on its flag to symbolize royalty?Wales
74%
What is the Latin word for dragon and the name of a constellation?Draco
70%
What Harry Potter character hatches a baby dragon in "The Sorcerer's Stone"?Hagrid
70%
What blocky video game has the Ender Dragon as its final boss?Minecraft
70%
What patron saint of England is purported to have slain a dragon?St. George
70%
What national flag depicts a dragon, known as a druk, holding jewels?Bhutan
67%
What Germanic folk hero, slayer of Grendel, dies after battling a dragon?Beowulf
65%
What Game of Thrones character is known as the "Mother of Dragons"?Daenerys Targaryen
65%
What anime franchise includes "Dragon types" such as Dragonite and Rayquaza?Pokémon
63%
What Elder Scrolls game involves fighting a violent dragon named Alduin?Skyrim
56%
What astrological system defines 2000 and 2012 as "Year of the Dragon"?Chinese Zodiac
51%
What aptly named band mentions "Weezy the Dragon" in their song "Believer"?Imagine Dragons
51%
What song tells the story of a dragon who lived by the sea in a land called Honalee?Puff the Magic Dragon
42%

Score Distribution

Percentile by Number Answered

Percent of People with Each Score

Your Score History

You have not taken this quiz